Los ( Mal) Tratados de Libre Comercio /

保存先:
書誌詳細
第一著者: Aguilar Sánchez, Carlos Guillermo
団体著者: DEI
その他の著者: comp
フォーマット: テキスト
出版事項: San José: DEI
タグ: タグ追加
タグなし, このレコードへの初めてのタグを付けませんか!

MARC

LEADER 00000 a a2200000 04500
001 29785
003
040
020 |a 9977-83-142-4  
090 |a 193306  
100 |a Aguilar Sánchez, Carlos Guillermo  
110 |a DEI  
245 |a Los ( Mal) Tratados de Libre Comercio /  |c Carlos Guillermo Aguilar Sánchez 
260 |a San José:   |b DEI  
300 |a 198 p  
700 |a comp  
999 |c 3188  |d 3188